[Event "XVI Gros Open"]
[Site "San Sebastian ESP"]
[Date "2006.09.23"]
[Round "3"]
[White "Paunovic,D"]
[Black "Rodriguez Gonzalez,J"]
[Result "1-0"]
[WhiteElo "2506"]
[BlackElo "2222"]

1.Nf3 d5 2.g3 c6 3.Bg2 Nd7 4.d4 Ngf6 5.O-O e6 6.c4 Bd6 7.Bg5 h6 8.Bxf6 Nxf6
9.Nbd2 O-O 10.Qc2 Qe7 11.e4 dxe4 12.Nxe4 Nxe4 13.Qxe4 c5 14.Rfd1 Rb8 15.dxc5 Bxc5
16.Qe5 Ra8 17.Nd2 Bd6 18.Qb5 a6 19.Qb3 Rb8 20.Ne4 Bc7 21.Qe3 b6 22.Rd2 Bb7
23.Rad1 Rfd8 24.Nc3 Bxg2 25.Kxg2 Rxd2 26.Rxd2 Kf8 27.Qe4 Kg8 28.Qc6 Rd8 29.Rxd8+ Qxd8
30.Ne4 Be5 31.b4 Kh7 32.c5 bxc5 33.Nxc5 Bd4 34.Nd7 g6 35.h4 h5 36.a4 Qe7
37.b5 axb5 38.axb5 Qb4 39.b6 Qb2 40.Qf3 Kg7 41.b7 Bxf2 42.b8=Q Bb6+ 43.Kh3  1-0

[Event "Vojvodina Quality League m"]
[Site "Sremska Mitrovica SRB"]
[Date "2006.09.23"]
[Round "2"]
[White "Lalic,D"]
[Black "Matic,R"]
[Result "1-0"]
[WhiteElo "2336"]
[BlackElo "2175"]

1.Nf3 d5 2.g3 Nc6 3.d4 Bg4 4.Bg2 e6 5.O-O Nf6 6.b3 Bd6 7.Bb2 Ne7 8.c4 c6
9.Nc3 Ng6 10.h3 Bxf3 11.Bxf3 Qc7 12.e4 dxe4 13.Nxe4 Nxe4 14.Bxe4 Bxg3 15.fxg3 Qxg3+
16.Bg2 Nf4 17.Qf3 Nxh3+ 18.Kh1 Qxf3 19.Bxf3 Ng5 20.d5 cxd5 21.cxd5 Nxf3 22.Rxf3 O-O
23.Rg1 g6 24.d6 Rad8 25.Bf6 Rd7 26.Rc1 Re8 27.Rd3 e5 28.Rc7 e4 29.Rd1  1-0

[Event "Monarch Assurance Isle of Man"]
[Site "Port Erin IOM"]
[Date "2006.09.24"]
[Round "2"]
[White "Werner,Ge"]
[Black "Ashton,A"]
[Result "0-1"]
[WhiteElo "2069"]
[BlackElo "2329"]

1.Nf3 d5 2.g3 Nf6 3.Bg2 e6 4.O-O Be7 5.d4 b5 6.b3 Nbd7 7.c4 bxc4 8.bxc4 c6
9.Qa4 Nb6 10.Qa5 Nxc4 11.Qxd8+ Bxd8 12.Na3 Ba6 13.Nxc4 Bxc4 14.Ba3 Bxe2 15.Rfc1 Be7
16.Bxe7 Kxe7 17.Ne5 Rhc8 18.Rc2 Ba6 19.Rac1 Nd7 20.Nxc6+ Kd6 21.Bf1 Bxf1
22.Kxf1 Rc7 23.f4 f6 24.Nb4 Rxc2 25.Rxc2 Nb6 26.Na6 Nc4 27.Rc3 Rc8 28.Ke2 Rc6
29.Nb4 Rb6 30.Nd3 Rb1 31.Rc1 Rxc1 32.Nxc1 e5 33.fxe5+ fxe5 34.Nb3 e4 35.Nc5 Na3
36.Kd2 Nb5 37.Ke3 Nc7 38.Nb3 Ne6 39.h4 g6 40.a4 h5 41.Na5 a6 42.Nb3 Ke7 43.Na5 Ng7
44.Kf4 Nf5 45.Nc6+ Kd6 46.Nb4 a5 47.Nc2 Ke6 48.Kg5 Kf7 49.g4 hxg4 50.Kxg4 Kf6
51.h5 gxh5+ 52.Kxh5 Ng3+ 53.Kg4 Ne2 54.Ne3 Nc3 55.Kf4 Ke6 56.Nf5 Nxa4 57.Ng7+ Kd7
58.Nf5 Nb6  0-1

[Event "Monarch Assurance Isle of Man"]
[Site "Port Erin IOM"]
[Date "2006.09.24"]
[Round "2"]
[White "Vijayalakshmi,S"]
[Black "Korneev,O"]
[Result "0-1"]
[WhiteElo "2417"]
[BlackElo "2638"]

1.Nf3 d5 2.g3 Bg4 3.Bg2 Nd7 4.h3 Bh5 5.d3 c6 6.O-O e5 7.Nbd2 Bd6 8.b3 Ne7
9.Bb2 O-O 10.e4 a5 11.a4 Qc7 12.Qe1 f6 13.Rc1 Rfe8 14.Nh4 Rad8 15.Kh1 Nc5
16.Nb1 dxe4 17.dxe4 b5 18.axb5 cxb5 19.Nc3 Qb7 20.Ra1 b4 21.Nb1 Qb5 22.Nd2 a4
23.Qe3 a3 24.Bc1 Ne6 25.g4 Bf7 26.Re1 Bc5 27.Qg3 Bd4 28.Ra2 Qc5 29.Kg1 Bc3
30.Nhf3 Nd4 31.Nxd4 Rxd4 32.Re2 Red8 33.Nf1 Rd1 34.Be3 Qb5 35.Qf3 h6 36.Kh2 Ng6
37.Kg3 Nf4 38.Bxf4 exf4+ 39.Kh2 Be5 40.Kg1 Qc5 41.h4 Qc3 42.Qxc3 Bxc3 43.e5 fxe5
44.Bf3 Bd5  0-1

[Event "Vojvodina Quality League m"]
[Site "Sremska Mitrovica SRB"]
[Date "2006.09.24"]
[Round "4"]
[White "Lalic,D"]
[Black "Orlov,K"]
[Result "1-0"]
[WhiteElo "2336"]
[BlackElo "2240"]

1.Nf3 d5 2.g3 Nf6 3.Bg2 c5 4.c4 d4 5.d3 Nc6 6.O-O g6 7.e3 Bg7 8.exd4 cxd4
9.b4 Nxb4 10.Qa4+ Nc6 11.Ne5 Bd7 12.Nxc6 bxc6 13.Bxc6 O-O 14.Nd2 Qc8 15.Bxd7 Nxd7
16.Qd1 Nc5 17.Nb3 Na4 18.Re1 Qb7 19.Ba3 Nc3 20.Qc2 Rfe8 21.Nc5 Qc6 22.Ne4 Nb5
23.Qa4 a6 24.cxb5 axb5 25.Qb3 h6 26.Bb4 e6 27.Rac1 Qa6 28.a3 Kh7 29.Rc7 Ra7
30.Rec1 Be5 31.R1c6 Bxc7 32.Rxa6  1-0

[Event "1st TCH-MNE"]
[Site "Herceg Novi MNE"]
[Date "2006.09.25"]
[Round "4"]
[White "Bajkovic,N"]
[Black "Krivokapic,M"]
[Result "0-1"]
[WhiteElo "2167"]
[BlackElo "2363"]

1.Nf3 d5 2.g3 c5 3.Bg2 Nc6 4.O-O Nf6 5.d3 g6 6.Nbd2 Bg7 7.e4 O-O 8.Re1 d4
9.Nb3 b6 10.h3 e5 11.a4 h6 12.Nbd2 Be6 13.b3 a6 14.Nc4 Nd7 15.Nh4 Nb4 16.Bd2 b5
17.Nb2 Rc8 18.Re2 Nc6 19.Qe1 c4 20.axb5 axb5 21.bxc4 bxc4 22.dxc4 Rb8 23.Qc1 Kh7
24.Re1 Qb6 25.Na4 Qc7 26.Bf1 Rfc8 27.g4 Na5 28.Nb2 Nxc4 29.Nxc4 Bxc4 30.Ba5 Qc6
31.Bg2 Be6 32.Qa3 Qxc2 33.Nf5 Bf8 34.Qg3 Rb3 35.Qh2 Rb5 36.Bf1 Rxa5 37.Rxa5 Bb4
38.Re2 Qd1 39.Ra7 Rc1 40.Ng3 Bd2 41.Qg2 d3 42.Rxd2 Qxd2 43.Qf3 Qd1 44.Qxd1 Rxd1
45.Ra3 Nc5 46.Kg2 d2  0-1

[Event "XVI Gros Open"]
[Site "San Sebastian ESP"]
[Date "2006.09.25"]
[Round "5"]
[White "Veras Sanz,J"]
[Black "Galarraga Lasa,J"]
[Result "0-1"]
[WhiteElo "1663"]
[BlackElo "1844"]

1.Nf3 d5 2.g3 Nf6 3.Bg2 c5 4.O-O Nc6 5.d3 e5 6.Nbd2 Be7 7.c4 d4 8.Ng5 O-O
9.Bxc6 bxc6 10.Ngf3 Bh3 11.Re1 Ng4 12.Ne4 h6 13.Qa4 f5 14.Nxc5 Bxc5 15.Qxc6 Qd6
16.Qxd6 Bxd6 17.b3 Bc5 18.Bd2 a5 19.e3 dxe3 20.Bxe3 Nxe3 21.fxe3 f4 22.gxf4 exf4
23.d4 Bb4 24.Re2 Bg4 25.Kg2 Bxf3+ 26.Kxf3 fxe3+ 27.Kg2 Bd2 28.d5 Ra6 29.Rf1 Rg6+  0-1

[Event "Vojvodina Quality League m"]
[Site "Sremska Mitrovica SRB"]
[Date "2006.09.25"]
[Round "5"]
[White "Vujadinovic,G"]
[Black "Novakovic,D"]
[Result "1/2-1/2"]
[WhiteElo "2368"]
[BlackElo "2314"]

1.Nf3 d5 2.g3 Nf6 3.Bg2 c6 4.O-O Bf5 5.b3 e6 6.Bb2 Be7 7.d3 O-O 8.Nbd2 Nbd7
9.Qe1 Nc5 10.Nh4 Bg4 11.h3 Bh5 12.g4 Bg6 13.Nxg6 hxg6 14.f4 Nfd7 15.e4 Na4
16.Bd4 Bc5 17.Bxc5 Naxc5 18.e5 a5 19.d4 Na6 20.Nf3 Re8 21.c3 c5 22.Qg3 Rc8
23.f5 Nf8 24.fxg6 Nxg6 25.h4 cxd4 26.h5 Nf8 27.cxd4 g5 28.Qe1 Nb4 29.Qd2 Nh7
30.a3 Nc6 31.Rf2 Rf8 32.Bf1 Kh8 33.Bd3 Rg8 34.Raf1 Rc7 35.Bc2 f5 36.exf6 Nxf6
37.Nxg5 Nxg4 38.Nf7+ Rxf7 39.Rxf7 Ne3+ 40.Bg6 Qg5+ 41.Kh1 Qh4+ 42.Qh2 Qxh2+
43.Kxh2 Nxf1+ 44.Rxf1 Nxd4 45.Rf7 Rg7 46.Rf8+ Rg8 47.Rf7  1/2-1/2

[Event "Tatry Open"]
[Site "Tatranske Zruby SVK"]
[Date "2006.09.25"]
[Round "4"]
[White "Dobrovolsky,L"]
[Black "Kotan,L"]
[Result "1-0"]
[WhiteElo "2376"]
[BlackElo "2289"]

1.Nf3 d5 2.g3 c6 3.b3 Bf5 4.Bb2 h6 5.Bg2 e6 6.O-O Nf6 7.c4 Be7 8.d3 O-O 9.Nbd2 a5
10.a3 Nbd7 11.Qc2 Bh7 12.Rfc1 Ne8 13.Bc3 Bf6 14.Bh3 Bxc3 15.Qxc3 Nef6 16.b4 Bf5
17.Bxf5 exf5 18.c5 axb4 19.axb4 Qc7 20.e3 Rfc8 21.Nb3 Nf8 22.Nbd4 f4 23.exf4 Qd7
24.Ne5 Qh3 25.Rxa8 Rxa8 26.Ra1 Qc8 27.Kg2 Ne8 28.Rxa8 Qxa8 29.b5 f6 30.Nef3 cxb5
31.Nxb5 Qa4 32.Nfd4 Ne6 33.Nxe6 Qxb5 34.Qd4 Qd7 35.f5 Qc6 36.Qe3 Qd7 37.Qf4 Kf7
38.Qb8 Ke7 39.h4 g6 40.Qf4 gxf5 41.Nd4 Ng7 42.Qxh6 Kf7 43.h5 Kg8 44.Qxf6 Nxh5
45.Qxf5 Qf7 46.Qxf7+ Kxf7 47.f4 Nf6 48.Kf3 Nd7 49.Nb3 Ke6 50.g4 b6 51.c6 Nf8
52.Nd4+ Kd6 53.f5 b5 54.g5  1-0

[Event "Glassy Stream Masters"]
[Site "Kharkiv UKR"]
[Date "2006.09.26"]
[Round "5"]
[White "Stopkin,V"]
[Black "Shalimov,V UKR"]
[Result "1-0"]
[WhiteElo "2296"]
[BlackElo "2426"]

1.Nf3 d5 2.g3 c6 3.c4 Nf6 4.Bg2 dxc4 5.Qc2 Be6 6.Ng5 Bg4 7.Qxc4 e6 8.b3 Qa5
9.Nf3 Nbd7 10.Bb2 Be7 11.O-O O-O 12.Qc2 Qh5 13.d3 Bxf3 14.Bxf3 Ng4 15.Bxg4 Qxg4
16.Kg2 f5 17.f3 Qg6 18.f4 Nf6 19.Nd2 Nd5 20.Rf3 Bd6 21.Kh1 Bc7 22.Nc4 Qh5
23.Be5 Bxe5 24.Nxe5 Rf6 25.e4 Nb6 26.Re3 Rd8 27.Rae1 Rh6 28.Nf3 Qg4 29.Kg1 Rf6
30.b4 fxe4 31.Ne5 exd3 32.Rxd3  1-0

[Event "Monarch Assurance Isle of Man"]
[Site "Port Erin IOM"]
[Date "2006.09.26"]
[Round "4"]
[White "Vijayalakshmi,S"]
[Black "Ashton,A"]
[Result "1-0"]
[WhiteElo "2417"]
[BlackElo "2329"]

1.Nf3 d5 2.g3 Bg4 3.Bg2 Nd7 4.d3 c6 5.h3 Bh5 6.O-O e6 7.Nbd2 Bd6 8.b3 Ne7
9.Bb2 O-O 10.Qe1 a5 11.a4 e5 12.e4 d4 13.Nh2 f6 14.f4 b5 15.f5 bxa4 16.Rxa4 Nb6
17.Ra1 a4 18.Nc4 Nxc4 19.bxc4 Qa5 20.Qf2 a3 21.Bc1 a2 22.g4 Bf7 23.g5 Qc3
24.Bd2 Qxc2 25.gxf6 gxf6 26.Bh6 Qxf2+ 27.Rxf2 Rfb8 28.Bf1 Bh5 29.Raxa2 Rxa2
30.Rxa2 Kf7 31.Ng4 Ng8 32.Bd2 Bxg4 33.hxg4 Bb4 34.Bc1 Rb7 35.Kf2 Bf8 36.Be2 Bh6
37.Bxh6 Nxh6 38.Ra6 Rc7 39.c5 Ke7 40.Bd1 Nf7 41.Bb3 Nd8 42.Bc4 Rb7 43.Kg3 Rb1
44.Ra7+ Rb7 45.Ra1 Kf8 46.Ra8 Ke7 47.g5 Nf7 48.g6 hxg6 49.fxg6 Nh6  1-0

[Event "Monarch Assurance Isle of Man"]
[Site "Port Erin IOM"]
[Date "2006.09.26"]
[Round "4"]
[White "Werner,Ge"]
[Black "Dworakowska,J"]
[Result "0-1"]
[WhiteElo "2069"]
[BlackElo "2359"]

1.Nf3 d5 2.g3 Bg4 3.Bg2 c6 4.d4 Nd7 5.O-O e6 6.c4 Ngf6 7.b3 Bd6 8.Bb2 O-O
9.Nbd2 Qe7 10.a3 a5 11.Ne5 Bf5 12.Qe1 Rfd8 13.e4 dxe4 14.Nxe4 Bxe5 15.dxe5 Nxe4
16.Bxe4 Bh3 17.Bg2 Bxg2 18.Kxg2 Nc5 19.Qc3 Rd3 20.Qc2 Rxb3 21.Rfd1 a4 22.Rd6 f6
23.Bd4 Nd7 24.c5 fxe5 25.Be3 Nf6 26.Bg5 h6 27.Bxf6 Qxf6 28.Qc4 Rf8 29.Qxe6+ Qxe6
30.Rxe6 Rb2 31.Rf1 Rf5 32.g4 Rf4 33.Rxe5 Rxg4+ 34.Kf3 Rc4 35.Rfe1 Rc3+ 36.R1e3 Rcc2
37.Re2 Rxe2 38.Rxe2 Rb3+ 39.Re3 Kf7 40.Ke4 Rxe3+ 41.Kxe3 Ke6 42.Kd4 Kf5 43.Kc4 Ke4
44.Kb4 Kd4 45.h4 h5 46.Kxa4 Kxc5 47.Kb3 Kd4  0-1

[Event "15th TCh-CRO"]
[Site "Sibenik CRO"]
[Date "2006.09.26"]
[Round "5"]
[White "Cvorovic,D"]
[Black "Martinovic,Sa"]
[Result "1-0"]
[WhiteElo "2421"]
[BlackElo "2367"]

1.Nf3 d5 2.g3 Nc6 3.d4 Bg4 4.c3 Qd7 5.h3 Bxf3 6.exf3 e5 7.dxe5 Nxe5 8.f4 Ng6
9.Qe2+ Be7 10.h4 Nf6 11.Bh3 Qd6 12.h5 Nf8 13.Na3 c6 14.Nc2 N8d7 15.Be3 O-O
16.O-O-O Rfe8 17.g4 Bf8 18.g5 Ne4 19.Qg4 Nb6 20.Bf1 Na4 21.f5 b5 22.f6 b4
23.cxb4 a5 24.f3 Ng3 25.Bf4 Nxh1 26.Bxd6 Bxd6 27.g6 gxf6 28.gxh7+ Kh8 29.h6  1-0

[Event "Vojvodina Quality League m"]
[Site "Sremska Mitrovica SRB"]
[Date "2006.09.26"]
[Round "7"]
[White "Vlahovic,B"]
[Black "Vukic,R"]
[Result "1/2-1/2"]
[WhiteElo "2374"]
[BlackElo "2292"]

1.Nf3 d5 2.g3 c6 3.b3 Bg4 4.Bb2 Nd7 5.Bg2 Ngf6 6.O-O e6 7.d3 Bd6 8.Nbd2 O-O
9.e4 dxe4 10.Nxe4 Nxe4 11.dxe4 Bxf3 12.Qxf3 Be5 13.c3 Qe7 14.Rad1 Rfd8 15.Qe2 Bc7
16.c4 e5 17.h4 a5 18.Bc3 Nc5 19.Kh2 Rxd1 20.Rxd1 Rd8 21.Rd2 f6 22.f3 Rxd2
23.Qxd2 Qd8 24.Qxd8+ Bxd8 25.Bh3 Kf7 26.Kg2 b6 27.Kf1 Be7 28.Ke2 Bd6 29.Ke3 Ke7
30.f4 Ne6 31.fxe5 Bxe5  1/2-1/2

[Event "Tatry Open"]
[Site "Tatranske Zruby SVK"]
[Date "2006.09.26"]
[Round "5"]
[White "Capak,S"]
[Black "Beran,P"]
[Result "1/2-1/2"]
[WhiteElo "2015"]
[BlackElo "2139"]

1.Nf3 d5 2.g3 Nf6 3.Bg2 g6 4.d4 Bg7 5.O-O O-O 6.c4 c6 7.Nbd2 Nbd7 8.Qc2 b6
9.e4 dxe4 10.Nxe4 Bb7 11.Nc3 e6 12.Rd1  1/2-1/2

[Event "15th TCh-CRO"]
[Site "Sibenik CRO"]
[Date "2006.09.27"]
[Round "6"]
[White "Dizdar,G"]
[Black "Bosiocic,Mari"]
[Result "1-0"]
[WhiteElo "2521"]
[BlackElo "2433"]

1.Nf3 d5 2.g3 Bg4 3.Bg2 c6 4.c4 e6 5.O-O Nf6 6.d3 Nbd7 7.cxd5 exd5 8.Nc3 Be7
9.h3 Bh5 10.e4 O-O 11.exd5 Nxd5 12.Nxd5 cxd5 13.Be3 Bc5 14.d4 Bd6 15.Qb3 Nb6
16.Ne5 Bc7 17.a4 a5 18.Rfe1 f6 19.Nd3 Bf7 20.Bf4 Bxf4 21.Nxf4 Qd6 22.Qb5 Rfc8
23.Rac1 Rxc1 24.Rxc1 g5 25.Nd3 Be8 26.Qc5 Qd8 27.b3 Bc6 28.Re1 Kf7 29.h4 h6
30.Qc2 Qh8 31.Nc5 Re8 32.Rxe8 Kxe8 33.Nxb7 Bxb7 34.Qc7 Qf8 35.Qxb6  1-0

[Event "15th TCh-CRO w"]
[Site "Sibenik CRO"]
[Date "2006.09.27"]
[Round "6"]
[White "Djeno,S"]
[Black "Kruljac,P"]
[Result "0-1"]
[WhiteElo "1953"]
[BlackElo "2073"]

1.Nf3 d5 2.g3 c6 3.Bg2 Bg4 4.O-O Nf6 5.d3 Nbd7 6.Nbd2 e5 7.e4 Bd6 8.Qe1 O-O
9.h3 Bh5 10.Nh2 dxe4 11.dxe4 Re8 12.Nc4 Bc5 13.b4 Bf8 14.a4 Bg6 15.Bg5 h6
16.Bh4 Qc7 17.Kh1 Nh7 18.Qc3 f6 19.Ne3 Bf7 20.g4 a5 21.bxa5 Rxa5 22.Rfb1 Rea8
23.Qb2 Nc5 24.Nd1 Rxa4 25.Rxa4 Rxa4 26.Nc3 Ra8 27.Bf1 Qa5 28.f3 Qa3 29.Bf2 Qxb2
30.Rxb2 b5 31.h4 Ra3 32.Nb1 Ra1 33.Nd2 Na4 34.Rb1 Ra2 35.Bd3 Nc3 36.Rg1 c5
37.Nb1 Nxb1 38.Rxb1 c4 39.Bf1 Rxc2 40.Be3 b4 41.g5 hxg5 42.hxg5 c3 43.Bd3 Ra2
44.g6 Bxg6 45.Bc4+ Bf7 46.Bxa2 Bxa2 47.Rc1 b3 48.Rxc3 b2 49.Rc1 bxc1=Q+ 50.Bxc1 Bc4
51.Kg2 Bc5 52.f4 Bd4 53.Ng4 Nf8 54.Kg3 Nd7 55.Ba3 Be2 56.fxe5 Bxe5+ 57.Nxe5 Nxe5
58.Kf4 Bd3 59.Bd6 Kf7 60.Kf5 g6+ 61.Kf4 Ke6 62.Bc5 Bb1 63.Bd4 Nf7 64.Bc3 g5+
65.Kf3 Nd6 66.e5 fxe5 67.Bb4 Bf5 68.Bd2 g4+ 69.Ke2 Kd5 70.Bb4 Nc4 71.Bc3 Ke4
72.Kf2 Kf4 73.Bb4 g3+ 74.Kg2 Be4+ 75.Kg1 Nb6 76.Bc5 Na4 77.Bb4 Nb2 78.Bd2+ Kf3
79.Bc3 Nd3 80.Kf1 Nc1 81.Bxe5 g2+  0-1

[Event "Tatry Open"]
[Site "Tatranske Zruby SVK"]
[Date "2006.09.27"]
[Round "6"]
[White "Rachela,M"]
[Black "Chovanec,M"]
[Result "1-0"]
[WhiteElo "2351"]
[BlackElo "2184"]

1.Nf3 d5 2.g3 Bg4 3.Bg2 Nc6 4.c4 d4 5.h3 Bd7 6.d3 e5 7.O-O Bc5 8.Na3 Nge7
9.Nc2 a5 10.Rb1 O-O 11.b3 Ng6 12.a3 Qe7 13.Qd2 f5 14.b4 e4 15.dxe4 fxe4 16.Nfxd4 Bxd4
17.Nxd4 axb4 18.Nxc6 Bxc6 19.axb4 b6 20.Qc3 Rf5 21.Be3 Re8 22.Rbd1 Ne5 23.Rd4 Nf7
24.Rfd1 b5 25.cxb5 Bxb5 26.Rxe4 Re5 27.Rxe5 Nxe5 28.Bc5 Qf6 29.Bd4  1-0

[Event "Monarch Assurance Isle of Man"]
[Site "Port Erin IOM"]
[Date "2006.09.28"]
[Round "6"]
[White "Werner,Ge"]
[Black "Nicholson,Jo"]
[Result "0-1"]
[WhiteElo "2069"]
[BlackElo "1945"]

1.Nf3 d5 2.g3 Bg4 3.Bg2 Nd7 4.d4 Ngf6 5.O-O e6 6.c4 c6 7.b3 Bd6 8.Bb2 h5
9.Nbd2 Ne4 10.Ne5 Ndf6 11.f3 Nxd2 12.Qxd2 Bf5 13.Rae1 dxc4 14.Nxc4 Bc7 15.e4 Bg6
16.f4 h4 17.e5 Nd5 18.g4 b5 19.Bxd5 Qxd5 20.Ne3 Qd7 21.f5 Bh7 22.Qc3 O-O-O
23.Rc1 Kb7 24.a4 Bb6 25.Rfd1 a6 26.a5 Ba7 27.Rd2 Rc8 28.Ba3 exf5 29.gxf5 Bxf5
30.Bc5 Bb8 31.Qb4 Rh5 32.d5 Bh3 33.dxc6+ Qxc6 34.Rd5 Rxe5 35.Rxe5 Bxe5 36.Qxh4 Be6
37.b4 g6 38.Rd1 g5 39.Qxg5 f6 40.Qg7+ Rc7 41.Qh8 Qe4 42.Qd8 Qf3 43.Rd2 Bf4
44.Qd3 Bxe3+  0-1

[Event "15th TCh-CRO"]
[Site "Sibenik CRO"]
[Date "2006.09.28"]
[Round "7"]
[White "Cvorovic,D"]
[Black "Nikolac,J"]
[Result "1-0"]
[WhiteElo "2421"]
[BlackElo "2421"]

1.Nf3 d5 2.g3 Nf6 3.Bg2 Bg4 4.d4 e6 5.O-O Be7 6.b3 O-O 7.Bb2 c5 8.dxc5 Nc6
9.Nbd2 Bxc5 10.e3 Qe7 11.a3 a5 12.h3 Bh5 13.Ra2 Ne4 14.Qa1 f5 15.c4 Rad8
16.Re1 Rd7 17.cxd5 exd5 18.Bd4 Bd6 19.Nb1 Qe6 20.Nbd2 Qh6 21.Nh2 Re8 22.Ndf1 Bf7
23.Nf3 Be6 24.Qd1 g6 25.Ba1 Qf8 26.Nd4 Bc5 27.Nxc6 bxc6 28.Qc2 h6 29.Rc1 Bxa3
30.Rd1 Rc7 31.f3 Ng5 32.Qc3 Kh7 33.Rxa3 Qxa3 34.h4 d4 35.Rxd4 Qxb3 36.Qxa5 Qb8
37.hxg5 hxg5 38.Qe5 Bd5 39.Qd6 Ra7 40.Qxb8 Rxb8 41.Bc3 Rb3 42.Bd2 Bf7 43.e4 c5
44.Rd8 fxe4 45.fxe4 Ra1 46.Bxg5 Rxg3 47.Bf6  1-0

[Event "15th TCh-CRO"]
[Site "Sibenik CRO"]
[Date "2006.09.29"]
[Round "8"]
[White "Dizdar,G"]
[Black "Glavas,D"]
[Result "1-0"]
[WhiteElo "2521"]
[BlackElo "2337"]

1.Nf3 d5 2.g3 c6 3.Bg2 Bg4 4.c4 Nf6 5.Ne5 Be6 6.cxd5 Bxd5 7.Nf3 e5 8.Nc3 e4
9.Nh4 Qd7 10.d3 Bb4 11.Bg5 exd3 12.Bxf6 gxf6 13.Qxd3 Bxg2 14.Nxg2 Qxd3 15.exd3 Nd7
16.O-O-O O-O-O 17.a3 Bf8 18.Kc2 Ne5 19.Ne3 Nf3 20.Nf5 Bc5 21.Ne4 Rd5 22.Ne3 Bxe3
23.fxe3 f5 24.Nd2 Ne5 25.Nc4 Ng4 26.Rhf1 b5 27.h3 bxc4 28.hxg4 cxd3+ 29.Rxd3 Rxd3
30.Kxd3 Rd8+ 31.Kc3 Re8 32.Kd3 Rd8+ 33.Ke2 fxg4 34.Rxf7 Rd7 35.Rxd7 Kxd7
36.Kd3 Ke6 37.Ke4 h5 38.Kf4 Kf6 39.b4 Kg6 40.e4 Kf6 41.e5+ Ke6 42.Kg5 Kxe5
43.Kxh5 Kd4 44.Kxg4 Kc3 45.Kf3 Kb3 46.g4 Kxa3 47.g5 Kxb4 48.g6 c5 49.Ke2 Ka3
50.g7  1-0

[Event "15th TCh-CRO"]
[Site "Sibenik CRO"]
[Date "2006.09.29"]
[Round "8"]
[White "Plenkovic,Z"]
[Black "Jurkovic,H"]
[Result "0-1"]
[WhiteElo "2325"]
[BlackElo "2438"]

1.Nf3 d5 2.g3 Nc6 3.c4 d4 4.d3 e5 5.Bg2 Nf6 6.O-O Be7 7.b4 Bxb4 8.Qa4 Nd7
9.Nxe5 Ndxe5 10.f4 O-O 11.fxe5 Qe7 12.Bxc6 bxc6 13.Bd2 Bxd2 14.Nxd2 Qxe5
15.Qxc6 Rb8 16.Qe4 Qxe4 17.Nxe4 Rb2 18.Rf2 Re8 19.Kf1 h5 20.Ke1 Bg4 21.Kd1 a5
22.Nd2 a4 23.a3 f5 24.Kc1 Rb6 25.Rb1 Rxb1+ 26.Nxb1 Rxe2 27.Rxe2 Bxe2 28.Kd2 Bf3
29.Ke1 c5 30.Nd2 Bc6 31.Kf2 Kf7 32.Nf1 Kf6 33.h3 Kg5 34.Nh2 h4 35.g4 fxg4
36.Nxg4 Kf4 37.Nh2 Bb7 38.Nf1 Bc8 39.Nd2 Bf5 40.Ke2 g5  0-1

[Event "1st TCH-MNE"]
[Site "Herceg Novi MNE"]
[Date "2006.10.01"]
[Round "10"]
[White "Narancic,V"]
[Black "Pajkovic,V"]
[Result "1/2-1/2"]
[WhiteElo "2341"]
[BlackElo "2418"]

1.Nf3 d5 2.g3 Nc6 3.Bg2 e5 4.d3 Bg4 5.c3 f6 6.Nbd2 Qd7 7.e4 dxe4 8.dxe4 Bc5
9.Qe2 O-O-O 10.O-O Qd3 11.Qxd3 Rxd3 12.Re1 Nge7 13.Nb3 Bb6 14.Nfd2 h5 15.Bf1 Rdd8
16.a4 a6 17.Nc4 Ba7  1/2-1/2

[Event "Monarch Assurance Isle of Man"]
[Site "Port Erin IOM"]
[Date "2006.10.01"]
[Round "9"]
[White "Vijayalakshmi,S"]
[Black "Malakhatko,V"]
[Result "0-1"]
[WhiteElo "2417"]
[BlackElo "2594"]

1.Nf3 d5 2.g3 Bg4 3.Bg2 Nd7 4.d3 e6 5.h3 Bh5 6.O-O Bd6 7.b3 Ne7 8.Bb2 O-O
9.c4 c6 10.d4 Qb8 11.Nbd2 a5 12.e4 h6 13.Re1 Re8 14.a3 b6 15.Qc1 Bg6 16.e5 Bc7
17.Nh4 Bh7 18.f4 Qd8 19.Nf1 a4 20.Ne3 axb3 21.cxd5 cxd5 22.Qc3 b5 23.Qxb3 Nb6
24.Bc3 Na4 25.Bb4 Nc6 26.Rad1 Bb6 27.Bc3 Nxc3 28.Qxc3 Qd7 29.Re2 Rec8 30.Qb2 Qa7
31.Nf3 Qxa3 32.f5 b4 33.g4 b3 34.Bf1 Qb4 35.Qd2 Ra4 36.Rc1 Qf8 37.Rf2 Nxd4
38.Nxd4 Rxd4 39.fxe6 Rxd2 40.exf7+ Kh8 41.Rxc8 Qxc8 42.f8=Q+ Qxf8 43.Rxf8+ Bg8
44.e6 Bxe3+ 45.Kh1 Bc5  0-1

[Event "15th TCh-CRO"]
[Site "Sibenik CRO"]
[Date "2006.10.01"]
[Round "10"]
[White "Franic,M"]
[Black "Golubovic,B"]
[Result "1/2-1/2"]
[WhiteElo "2392"]
[BlackElo "2441"]

1.Nf3 d5 2.g3 Nf6 3.Bg2 g6 4.b4 Bg7 5.Bb2 O-O 6.O-O c6 7.a3 a5 8.d3 axb4
9.axb4 Rxa1 10.Bxa1 Na6 11.c3 Bg4 12.Nbd2 Bxf3 13.Nxf3 e6  1/2-1/2

[Event "7th Veselin Boskovic Mem Op"]
[Site "Beograd SRB"]
[Date "2006.10.02"]
[Round "1"]
[White "Sestovic,B"]
[Black "Abramovic,B"]
[Result "0-1"]
[WhiteElo "2107"]
[BlackElo "2524"]

1.Nf3 d5 2.g3 c5 3.Bg2 Nc6 4.d3 e5 5.O-O Be7 6.c3 Be6 7.e4 d4 8.Ne1 h5 9.f4 h4
10.f5 Bd7 11.g4 h3 12.Bf3 Bg5 13.Kh1 Qf6 14.Be2 Nge7 15.Rg1 g6 16.Bxg5 Qxg5
17.Qd2 Qxd2 18.Nxd2 Nc8 19.Rg3 Nd6 20.Bf1 Ke7 21.Rxh3 g5 22.Rxh8 Rxh8 23.Ndf3 f6
24.a4 b6 25.Kg2 Be8 26.Kg3 dxc3 27.bxc3 c4 28.h4 gxh4+ 29.Nxh4 Bf7 30.Nef3 Rg8
31.Kh3 Na5 32.Re1 cxd3 33.Bxd3 Rc8 34.g5 Rxc3 35.gxf6+ Kxf6 36.Rd1 Nb3 37.Kg4 Nc5
38.Nxe5 Bb3 39.Re1 Rxd3 40.Nxd3 Nxd3 41.Re3 Nxe4 42.Rxe4 Nf2+ 43.Kf4 Nxe4
44.Kxe4 Bxa4  0-1

[Event "Corporacion del Sur B"]
[Site "Buenos Aires ARG"]
[Date "2006.10.02"]
[Round "1"]
[White "Quinteros,M"]
[Black "Disconzi da Silva,R"]
[Result "0-1"]
[WhiteElo "2488"]
[BlackElo "2392"]

1.Nf3 d5 2.g3 c6 3.Bg2 Bg4 4.b3 Nd7 5.Bb2 Ngf6 6.O-O h5 7.d3 h4 8.Nxh4 e5
9.Qe1 Bd6 10.e4 Qe7 11.Nf3 dxe4 12.dxe4 Bxf3 13.Bxf3 Qe6 14.h4 g5 15.Kg2 gxh4
16.Rh1 O-O-O 17.Nd2 Rdg8 18.Qe2 Bc5 19.Kf1 hxg3 20.Rxh8 Rxh8 21.fxg3 Nh5
22.Qg2 Qg6 23.Bxh5 Rxh5 24.Ke2 Qh7 25.Nf1 Nf6 26.Kd3 Ng4 27.Re1 Nf2+ 28.Kc4 Qg8
29.Kxc5 Qd8 30.a4 Qa5+  0-1

[Event "15th TCh-CRO"]
[Site "Sibenik CRO"]
[Date "2006.10.02"]
[Round "11"]
[White "Dizdar,G"]
[Black "Golubovic,B"]
[Result "1/2-1/2"]
[WhiteElo "2521"]
[BlackElo "2441"]

1.Nf3 d5 2.g3 Nc6 3.d4 Bg4 4.Bg2 Qd7 5.h3 Bxf3 6.exf3 h5 7.h4 e6 8.c3 Bd6
9.O-O Nge7 10.f4 f6 11.Re1 Kf7 12.Nd2 Nd8 13.Nf3 c6 14.Qd3 g6 15.Re2 a5 16.a4 Nf5
17.Bd2 Re8 18.b3 Bc7 19.c4 Bb6 20.c5 Bc7 21.Bc3 Re7 22.Bh3 Qe8 23.Rae1 Qh8
24.Nd2 Rd7 25.Nf1 Qh6 26.Nh2 Rb8 27.Nf3 Ra8 28.Qc2 Ra7 29.Kg2 Ra8 30.Qc1 Ra7
31.Kg1 Ra8 32.Ra2 Qf8 33.Qd2 b6 34.b4 axb4 35.Bxb4 bxc5 36.Bxc5 Bd6 37.Bxf5 exf5
38.Qb4 Rb7 39.Qc3 Rab8 40.Ra3 Bxc5 41.dxc5  1/2-1/2

[Event "15th TCh-CRO"]
[Site "Sibenik CRO"]
[Date "2006.10.02"]
[Round "11"]
[White "Smirin,I"]
[Black "Hracek,Z"]
[Result "0-1"]
[WhiteElo "2659"]
[BlackElo "2605"]

1.g3 d5 2.Nf3 Bg4 3.Bg2 Nd7 4.d3 c6 5.Nbd2 e5 6.h3 Bh5 7.O-O Ngf6 8.g4 Bg6
9.Nh4 Bd6 10.e3 O-O 11.Nxg6 hxg6 12.c4 Nc5 13.g5 Nh5 14.cxd5 cxd5 15.h4 Nxd3
16.Bxd5 Bb4 17.e4 Qd7 18.Qf3 Nxc1 19.Nc4 Nd3 20.Rfd1 Ndf4 21.Nxe5 Qh3 22.Qxh3 Nxh3+
23.Kf1 Rac8 24.Rac1 Rxc1 25.Rxc1 N3f4 26.Bxf7+ Rxf7 27.Nxf7 Kxf7 28.Rc7+ Ke6
29.Rxb7 Bc5 30.b4 Bd4 31.a4 Kd6 32.a5 Kc6 33.Rb8 Kc7 34.Re8 a6 35.e5 Bc3
36.b5 axb5 37.a6 Kb6 38.e6 Nd5 39.e7 Nxe7 40.Rxe7 Kxa6 41.Ke2 b4 42.Kd3 Kb5
43.Ke4 Kc6 44.Re6+ Kc5 45.Re8 Be1 46.Rc8+ Kb5 47.Rb8+ Kc4 48.Ke3  0-1

[Event "WJun"]
[Site "Yerevan ARM"]
[Date "2006.10.03"]
[Round "1"]
[White "Meier,Geo"]
[Black "Hovhannisyan,R"]
[Result "0-1"]
[WhiteElo "2484"]
[BlackElo "2264"]

1.Nf3 d5 2.g3 Nf6 3.Bg2 c6 4.O-O Bg4 5.d4 Nbd7 6.Nbd2 e6 7.Re1 Be7 8.e4 dxe4
9.Nxe4 O-O 10.c3 c5 11.Nxf6+ Bxf6 12.Be3 Qc7 13.h3 Bh5 14.Qb3 Rac8 15.Bf4 Qb6
16.Ne5 Rcd8 17.Bxb7 cxd4 18.cxd4 Qxd4 19.Nc6 Qxb2 20.Nxd8 Qxb3 21.axb3 Bxa1
22.Rxa1 Rxd8 23.Bc7 Rf8 24.Rxa7 Nc5 25.Bd6 Nxb3 26.Bxf8 Kxf8 27.f4 Bg6 28.Kf2 Nc5
29.Bc6 Ne4+ 30.Kf3 Nd6 31.Rd7 Nc4 32.Rd4 Na5 33.Ba8 Nb3 34.Rd7 Ke8 35.Rd1 Nc5
36.Ke3 Ke7  0-1

[Event "WJun"]
[Site "Yerevan ARM"]
[Date "2006.10.04"]
[Round "2"]
[White "Mareco,S"]
[Black "Grachev,B"]
[Result "0-1"]
[WhiteElo "2335"]
[BlackElo "2583"]

1.Nf3 d5 2.g3 Nf6 3.Bg2 c6 4.O-O Bf5 5.d3 e6 6.Nbd2 h6 7.Qe1 Bh7 8.e4 Be7
9.Qe2 O-O 10.b3 a5 11.a4 Na6 12.Bb2 Qb6 13.Kh1 Nb4 14.Ne1 Rfd8 15.e5 Nd7
16.f4 c5 17.g4 Nc6 18.Nef3 Re8 19.Bh3 Nb4 20.Ne1 Rad8 21.Qg2 c4 22.dxc4 Nxc2
23.Nxc2 Bxc2 24.cxd5 exd5 25.g5 hxg5 26.f5 Qh6 27.f6 Bb4 28.Bf5 Bxf5 29.Rxf5 Bxd2
30.Qxd2 Nc5 31.Rg1 Ne4 32.Qe3 Rc8  0-1

[Event "7th Veselin Boskovic Mem Op"]
[Site "Beograd SRB"]
[Date "2006.10.05"]
[Round "4"]
[White "Arsovic,Z"]
[Black "Ivanisevic,I"]
[Result "1/2-1/2"]
[WhiteElo "2449"]
[BlackElo "2579"]

1.Nf3 d5 2.g3 Nc6 3.d4 Bg4 4.Bg2 e6 5.O-O Bd6 6.c4 Nf6 7.Nc3 O-O 8.cxd5 Nxd5
9.h3 Bh5 10.e4 Nb6 11.g4 Bg6 12.Qe2 f5 13.Rd1 fxg4 14.hxg4 Qe8 15.Nb5 Rd8
16.Nh4 Bf4 17.Be3 a6 18.Nc3 Qe7 19.Nxg6 hxg6 20.f3 Qh4 21.Bxf4 Rxf4 22.Qe3 Rf7
23.Ne2 Rdf8 24.Rf1 Nc4 25.Qc3 Nd6 26.Rad1 Qe7 27.d5 Nb5 28.Qe3 exd5 29.Rxd5 Ne5
30.g5  1/2-1/2